Sociálne prostredie ako (ne)výchovný činiteľ
| Other Authors: | , |
|---|---|
| Format: | Software eBook |
| Language: | Slovak Czech English |
| PhysicalDescription: | 1 CD-ROM 12 cm |
| Published: |
Bratislava
Univerzita Komenského v Bratislave
2018
|
| ISBN: | 9788022346610 |
| Subjects: |
MARC
| LEADER | 00000cam a2200000 4500 | ||
|---|---|---|---|
| 001 | vtls011867685 | ||
| 003 | SK-MaSNL | ||
| 005 | 20260301184931.0 | ||
| 007 | co cg auuua | ||
| 008 | 190527s2018 xo | fqn 000 0 slo | ||
| 015 | |a SNBS2019 | ||
| 020 | |a 9788022346610 |q (elektronická kniha) | ||
| 040 | |a SNK |b slo |c SNK |e rda | ||
| 041 | 0 | |a slo |a cze |a eng |b eng | |
| 044 | |a xo |c SK | ||
| 072 | 7 | |a 37 |x Výchova a vzdelávanie |2 konspekt | |
| 080 | |a 37.01/.09 |2 2011 | ||
| 080 | |a 316.3/.6 |2 2011 | ||
| 080 | |a 37.013.42 |2 2011 | ||
| 080 | |a (048.8) |2 2011 | ||
| 080 | |a (0.034.44) |2 2011 | ||
| 245 | 0 | 0 | |a Sociálne prostredie ako (ne)výchovný činiteľ |h elektronický zdroj |c Jana Koláčková, Petra Rapošová (ed.) |
| 264 | 1 | |a Bratislava |b Univerzita Komenského v Bratislave |c 2018 | |
| 300 | |a 1 CD-ROM |c 12 cm | ||
| 336 | |a text |b txt |2 rdacontent | ||
| 337 | |a počítač |b c |2 rdamedia | ||
| 338 | |a počítačový disk |b cd |2 rdacarrier | ||
| 347 | |a textový súbor |b PDF |2 rda | ||
| 500 | |a Nad názvom: Pedagogická fakulta Univerzity Komenského v Bratislave | ||
| 504 | |a Obsahuje bibliografické odkazy a bibliografie | ||
| 546 | |a Text aj v angličtine a češtine ; anglické resumé | ||
| 650 | 0 | 7 | |a výchova a vzdelávanie |2 SNKPH |9 1684 |
| 650 | 0 | 7 | |a človeka a spoločnosť |2 SNKPH |9 562206 |
| 650 | 0 | 7 | |a sociálne prostredie |2 SNKPH |9 562207 |
| 650 | 0 | 7 | |a sociálna pedagogika |2 SNKPH |9 16623 |
| 650 | 0 | 7 | |a Education |2 SNKPHeng |9 265320 |
| 650 | 0 | 7 | |a Man and society |2 SNKPHeng |9 268434 |
| 650 | 0 | 7 | |a Social environment |2 SNKPHeng |9 562208 |
| 650 | 0 | 7 | |a Social pedagogics |2 SNKPHeng |9 274708 |
| 655 | 7 | |a štúdie |2 SNKPH |9 57033 | |
| 655 | 7 | |a monografie |2 SNKPH |9 70139 | |
| 655 | 7 | |a CD-ROM |2 SNKPH |9 70236 | |
| 655 | 7 | |a Studies |2 SNKPHeng |9 265573 | |
| 655 | 7 | |a Monographs |2 SNKPHeng |9 120675 | |
| 700 | 1 | |a Koláčková, Jana |4 edt |9 83678 | |
| 700 | 1 | |a Rapošová, Petra |4 edt |9 562209 | |
| 710 | 2 | |a Univerzita Komenského v Bratislave. |b Pedagogická fakulta |4 pbl | |
| 852 | |a Štátna vedecká knižnica v Banskej Bystrici | ||
| 919 | |a 978-80-223-4661-0 | ||
| 958 | |a NB | ||
| 999 | |c 862178 |d 864108 | ||
| 952 | |a SNK |b SNK |y NEVYP |7 1 |p 17A1389968 |o snkSCDM 10753 |i snk2019/25202 |8 0 |0 0 |1 0 |4 0 |d 2019-10-07 |l 0 |r 2026-02-24 05:15:59 |w 2026-02-24 | ||


